01389 a2200193 4500020001500000020001800015082001300033100001800046245008700064250002600151260004900177300002100226490004800247500001500295520066800310830004800978856008201026856008701108 a0521348641 a978052134864504a428.00711 aDoff, Adrian.10aTeach english trainer's handbook :ba training course for teachers /cAdrian Doff. aTeacher's Edition ed. a[S.l.] :bCambridge University Press,c1988. a294 p. ;c23 cm.1 aCambridge teacher training and development. aPaperback. aTeach English is a teacher training course that develops practical skills in the teaching of English as a second language. It can be used in a variety of situations: in-service courses for teachers working at the secondary school level or in language institutes, in pre-service training of secondary school teachers, and as part of a refresher course in practical methodology for more experienced teachers. It is especially designed to meet the needs of teachers whose first language is not English, who teach large classes in rigid classrooms with few resources, who follow a set of syllabus and textbook, who have little control over course content or material. 0aCambridge teacher training and development.403Amazon.comuhttp://www.amazon.com/exec/obidos/ASIN/0521348641/chopaconline-20403Amazon customer reviewsuhttp://www.chopac.org/cgi-bin/tools/azrev.pl?q=0521348641